00000000nam 2200000zi 4500
0019.896960
003CaOODSP
00520250902140206
006m     o  d f      
007cr cn|||||||||
008210226t20192019qucb    o    f000 0 gwi d
040 |aCaOODSP|bfre|erda|cCaOODSP
043 |an-cn-nt|an-cn-yk|an-cn---
0861 |aR31-9/2018Gw-PDF
0861 |zR31-9/2018EGW-PDF
1102 |aEntente sur la revendication territoriale globale des Gwich'in. |bComité de mise en œuvre, |eauteur.
24511|aGwich'in Guuveenjit Nitr'igwihèe'aa Eenjit Nadhàt kat dagweedi'ìn' diiyah gugwaandak gwi'dinehtł'èe' : |bGwich'in Nan Eenjit Łagwiinaadhan Tr'igwiłtsaii, April 1, 2015-March 31, 2018.
264 1|a[Gatineau, Québec] : |b[Relations Couronne-Autochtones et affaires du Nord Canada], |c[2019]
264 4|c©2019
300 |a1 ressource en ligne (24 pages) : |bcarte en couleur
336 |atexte|btxt|2rdacontent/fre
337 |ainformatique|bc|2rdamedia/fre
338 |aressource en ligne|bcr|2rdacarrier/fre
500 |aPublié aussi en français sous le titre : Rapport consolidé du Comité mise en œuvre : Entente sur la revendication territoriale globale des Gwich'in, 1er avril 2015-31 mars 2018; et en anglais sous le titre : Consolidated report of the Implementation Committee: Gwich'in Comprehensive Land Claim Agreement, April 1, 2015-March 31, 2018.
500 |a« QS-5395-300-EGW-A1. »
546 |aTexte en gwich'in.
63006|aEntente sur la revendication territoriale globale des Gwich'in |d(1992 avril 22)
650 6|aAutochtones|zTerritoires du Nord-Ouest|xRéclamations.
650 6|aAutochtones|zYukon|xRéclamations.
650 6|aAutochtones|xTerres|zTerritoires du Nord-Ouest.
650 6|aAutochtones|xTerres|zYukon.
650 6|aAutochtones|zTerritoires du Nord-Ouest|xRelations avec l'État.
650 6|aAutochtones|zYukon|xRelations avec l'État.
650 6|aAutochtones|zCanada|xRelations avec l'État.
650 6|aAutochtones|zTerritoires du Nord-Ouest|xTraités.
650 6|aAutochtones|zYukon|xTraités.
650 6|aAutochtones|zCanada|xTraités.
7101 |aCanada. |bRelations Couronne-Autochtones et affaires du Nord Canada, |eorganisme de publication.
77508|tRapport consolidé du Comité mise en œuvre : |w(CaOODSP)9.868405
85640|qPDF|s489 Ko|uhttps://publications.gc.ca/collections/collection_2021/rcaanc-cirnac/R31-9-2018-gwi.pdf